Streetsmart guide to timing the stock market : (Record no. 6405)
[ view plain ]
| 000 -LEADER | |
|---|---|
| fixed length control field | 01381nac a22003011u 4500 |
| 010 ## - LIBRARY OF CONGRESS CONTROL NUMBER | |
| LC control number | 2005012263 |
| 020 ## - INTERNATIONAL STANDARD BOOK NUMBER | |
| International Standard Book Number | 0071461051 (pbk. : alk. paper) |
| 082 00 - DEWEY DECIMAL CLASSIFICATION NUMBER | |
| Classification number | 332.63228 |
| Item number | ALE |
| 090 ## - LOCALLY ASSIGNED LC-TYPE CALL NUMBER (OCLC); LOCAL CALL NUMBER (OCLC) | |
| -- | 6405 |
| -- | 6405 |
| 100 ## - MAIN ENTRY--PERSONAL NAME | |
| Personal name | Alexander, Colin, |
| 245 10 - TITLE STATEMENT | |
| Title | Streetsmart guide to timing the stock market : |
| Remainder of title | when to buy, sell, and sell short / |
| Statement of responsibility, etc | Colin Alexander. |
| 246 30 - VARYING FORM OF TITLE | |
| Title proper/short title | Timing the stock market |
| 250 ## - EDITION STATEMENT | |
| Edition statement | 2nd ed. |
| 260 ## - PUBLICATION, DISTRIBUTION, ETC. (IMPRINT) | |
| Place of publication, distribution, etc | New York : |
| Name of publisher, distributor, etc | McGraw-Hill, |
| Date of publication, distribution, etc | 2006. |
| 300 ## - PHYSICAL DESCRIPTION | |
| Extent | xiv, 364 p. : |
| Other physical details | ill. ; |
| Dimensions | 23 cm. |
| 500 ## - GENERAL NOTE | |
| General note | Includes indexes. |
| 500 ## - GENERAL NOTE | |
| General note | Distributer: Al-Ahram. |
| 511 ## - PARTICIPANT OR PERFORMER NOTE | |
| Participant or performer note | Catalogued By: Mahitab. |
| 650 #0 - SUBJECT ADDED ENTRY--TOPICAL TERM | |
| Topical term or geographic name as entry element | Futures. |
| 650 #0 - SUBJECT ADDED ENTRY--TOPICAL TERM | |
| Topical term or geographic name as entry element | Stocks. |
| 650 #0 - SUBJECT ADDED ENTRY--TOPICAL TERM | |
| Topical term or geographic name as entry element | Investment analysis. |
| 856 41 - ELECTRONIC LOCATION AND ACCESS | |
| Materials specified | Table of contents only |
| Uniform Resource Identifier | <a href="http://www.loc.gov/catdir/toc/ecip0511/2005012263.html">http://www.loc.gov/catdir/toc/ecip0511/2005012263.html</a> |
| 856 41 - ELECTRONIC LOCATION AND ACCESS | |
| Materials specified | Contributor biographical information |
| Uniform Resource Identifier | <a href="http://www.loc.gov/catdir/enhancements/fy0622/2005012263-b.html">http://www.loc.gov/catdir/enhancements/fy0622/2005012263-b.html</a> |
| 856 41 - ELECTRONIC LOCATION AND ACCESS | |
| Materials specified | Publisher description |
| Uniform Resource Identifier | <a href="http://www.loc.gov/catdir/enhancements/fy0622/2005012263-d.html">http://www.loc.gov/catdir/enhancements/fy0622/2005012263-d.html</a> |
| 942 ## - ADDED ENTRY ELEMENTS (KOHA) | |
| Item type | Book - Borrowing |
| Call number prefix | 332.63228 |
| Withdrawn status | Item status | Materials specified (bound volume or other part) | Damaged status | Not for loan | Home library | Current library | Shelving location | Date acquired | Source of acquisition | Total Checkouts | Total Renewals | Full call number | Barcode | Date last seen | Date last borrowed | Koha item type | Source of classification or shelving scheme | Vendor | Cost, normal purchase price | Serial Enumeration / chronology |
|---|---|---|---|---|---|---|---|---|---|---|---|---|---|---|---|---|---|---|---|---|
| Lost | Lost In Inventory_2015-8-23 | Central Library | Central Library | First floor | 22/11/2007 | Purchase | 2 | 1 | 332.63228 ALE | 000007871 | 23/06/2013 | 15/12/2008 | Book - Borrowing | |||||||
| Central Library | Central Library | First floor | 01/02/2009 | 2 | 37 | 332.63228 ALE | 000014593 | 15/07/2025 | 24/10/2020 | Book - Borrowing | Dewey Decimal Classification | Alahram | 238.30 | 06452 |